[Event "1st Binhai Cup 2018"]
[Site "Tianjin CHN"]
[Date "2018.12.27"]
[Round "3.13"]
[White "Wu, huanghui"]
[Black "Li, Yankai"]
[Result "0-1"]
[WhiteElo "2164"]
[BlackElo "2427"]
[WhiteFideId "8623929"]
[BlackFideId "8609357"]
[EventDate "2018.12.25"]

1. d4 Nf6 2. c4 e6 3. Nf3 d5 4. Nc3 Nbd7 5. c5 b6 6. c6 Nb8 7. Ne5 Ne4 8. Qa4
Nxc3 9. bxc3 f6 10. Nd3 Qd6 11. Nb4 a5 12. e3 Be7 13. Bb5 O-O 14. O-O Ra7 15.
Bd2 Kh8 16. f4 axb4 17. Qxa7 Ba6 18. c4 dxc4 19. Bxa6 Nxc6 20. Bxb4 Nxb4 21.
Bxc4 Nc2 22. Kh1 Nxe3 23. Rfc1 Qxd4 24. Bxe6 Qxf4 25. Qb7 Bd6 26. g3 Qf2 27. Bh3
f5 28. Bg2 f4 29. Qe4 fxg3 30. h3 Qxg2+ 31. Qxg2 Nxg2 32. Kxg2 Rf2+ 33. Kg1 Rd2
34. Rc4 b5 35. Rg4 Bc5+ 36. Kf1 Rf2+ 0-1

[Event "1st Binhai Cup 2018"]
[Site "Tianjin CHN"]
[Date "2018.12.27"]
[Round "3.14"]
[White "Zhu, Jiner"]
[Black "Yu, Lei"]
[Result "1-0"]
[WhiteTitle "WIM"]
[WhiteElo "2409"]
[BlackElo "2074"]
[WhiteFideId "8608059"]
[BlackFideId "8620733"]
[EventDate "2018.12.25"]

1. e4 Nf6 2. e5 Nd5 3. c4 Nb6 4. d4 d6 5. exd6 exd6 6. Nc3 Be7 7. Nf3 O-O 8. Be2
Nc6 9. O-O Bf6 10. Be3 d5 11. cxd5 Nxd5 12. Bc4 Be6 13. Qe2 Re8 14. Rfe1 Ncb4
15. Rac1 Bg4 16. a3 Bxd4 17. Rcd1 Bxc3 18. axb4 Nf4 19. Qf1 Qf6 20. bxc3 1-0

[Event "1st Binhai Cup 2018"]
[Site "Tianjin CHN"]
[Date "2018.12.27"]
[Round "3.15"]
[White "Hu, Zehua"]
[Black "Popov, Mikhail"]
[Result "0-1"]
[BlackTitle "FM"]
[WhiteElo "2104"]
[BlackElo "2388"]
[WhiteFideId "8603472"]
[BlackFideId "4146182"]
[EventDate "2018.12.25"]

1. Nf3 Nf6 2. c4 g6 3. g3 Bg7 4. Bg2 O-O 5. O-O d6 6. d4 Nc6 7. Nc3 a6 8. d5 Na5
9. Nd2 c5 10. Qc2 b5 11. cxb5 axb5 12. Nxb5 Qb6 13. Na3 Ba6 14. Ndc4 Nxc4 15.
Nxc4 Qb5 16. b3 Bb7 17. Bg5 h6 18. Bxf6 Bxf6 19. Rab1 Ra7 20. Rfd1 Rfa8 21. a3
Ba6 22. e3 Qe8 23. Nb2 Rb8 24. Be4 Bb5 25. a4 Bd7 26. Bd3 Rab7 27. Nc4 Rb4 28.
Na3 Bg4 29. Rd2 Bf3 30. Bc4 Qd7 31. Qd3 Qg4 32. Rc1 Rxb3 33. Bxb3 Rxb3 34. Qc4
Qh3 35. Qf1 Qxf1+ 36. Kxf1 Rxa3 37. h3 Rxa4 38. g4 c4 39. Ke1 Bc3 0-1

[Event "1st Binhai Cup 2018"]
[Site "Tianjin CHN"]
[Date "2018.12.27"]
[Round "3.16"]
[White "Zhao, Yuanhe"]
[Black "Jiang, Qinyu"]
[Result "1-0"]
[WhiteElo "2388"]
[BlackElo "2037"]
[WhiteFideId "8609497"]
[BlackFideId "8612927"]
[EventDate "2018.12.25"]

1. Nf3 d5 2. g3 Nf6 3. Bg2 c6 4. O-O Bg4 5. d3 Nbd7 6. Nbd2 e5 7. h3 Bxf3 8.
Bxf3 Be7 9. e4 dxe4 10. dxe4 Nc5 11. Qe2 O-O 12. a4 Qc7 13. Nc4 Rad8 14. b4 Ne6
15. c3 Rd7 16. a5 Rfd8 17. Be3 Qb8 18. h4 Bd6 19. Rfb1 Nc7 20. Bg5 Nb5 21. Bxf6
gxf6 22. Bg4 Rc7 23. Qf3 Be7 24. Bf5 Bf8 25. Rc1 Bg7 26. Qh5 h6 27. Qe2 a6 28.
Ne3 Rd6 29. Bh3 Qf8 30. Nf5 Rd8 31. Qg4 Kh8 32. Rd1 Rb8 33. Rd3 c5 34. Rad1 Rcc8
35. bxc5 Kh7 36. h5 Bh8 37. Rd7 Bg7 38. Nxg7 Qxg7 39. Rxf7 Qxf7 40. Rd7 Qxd7 41.
Qg6+ Kh8 42. Bxd7 Rc7 43. Qxh6+ Kg8 44. Be6+ Rf7 45. Qg6+ 1-0

[Event "1st Binhai Cup 2018"]
[Site "Tianjin CHN"]
[Date "2018.12.27"]
[Round "3.17"]
[White "Padmini, Rout"]
[Black "Hu, Yu A."]
[Result "1-0"]
[WhiteTitle "IM"]
[WhiteElo "2345"]
[BlackElo "2032"]
[WhiteFideId "5029295"]
[BlackFideId "8609993"]
[EventDate "2018.12.25"]

1. e4 c5 2. Nf3 d6 3. d4 cxd4 4. Nxd4 Nf6 5. Nc3 a6 6. Be2 e5 7. Nf3 Be7 8. Bg5
Be6 9. Bxf6 Bxf6 10. O-O O-O 11. Nd5 Bxd5 12. Qxd5 Qc7 13. Bc4 Nd7 14. Bb3 b5
15. Rad1 Be7 16. c3 Rab8 17. Qd2 Nb6 18. Qe2 Rfc8 19. g3 Nc4 20. a3 Qc6 21. h4
h6 22. Nh2 Rf8 23. Ng4 Bd8 24. Ne3 Nxe3 25. Qxe3 Bb6 26. Qe2 Kh8 27. Bc2 a5 28.
Qd3 Rfd8 29. Bb3 Qd7 30. Kh2 b4 31. cxb4 axb4 32. a4 Bd4 33. Rd2 Rf8 34. f4 f6
35. f5 d5 36. exd5 Rfc8 37. Re2 Rc5 38. Qe4 Rbc8 39. g4 Qf7 40. Rd1 Rc1 41. Rxc1
Rxc1 42. Rc2 Rf1 43. Qd3 Rf4 44. d6 Qb7 45. Qb5 Bg1+ 46. Kxg1 Rxg4+ 47. Kh2
Rxh4+ 48. Kg3 Rh3+ 49. Kxh3 Qf3+ 50. Kh2 Qf4+ 51. Kg2 Qe4+ 52. Kg1 Qe3+ 53. Rf2
Qg5+ 54. Kh2 Qh4+ 55. Kg2 Qg5+ 56. Kf3 Qf4+ 57. Ke2 Qg4+ 58. Kd2 Qd4+ 59. Ke1 1-0

[Event "1st Binhai Cup 2018"]
[Site "Tianjin CHN"]
[Date "2018.12.27"]
[Round "3.18"]
[White "Zuo, Yifan"]
[Black "Chen, KaiLin"]
[Result "1-0"]
[WhiteTitle "CM"]
[WhiteElo "2300"]
[BlackElo "2016"]
[WhiteFideId "8614610"]
[BlackFideId "8620954"]
[EventDate "2018.12.25"]

1. d4 Nf6 2. Nf3 e6 3. g3 d5 4. c4 Be7 5. Bg2 O-O 6. O-O dxc4 7. Qc2 a6 8. a4
Bd7 9. Qxc4 Bc6 10. Bg5 Nbd7 11. Nc3 h6 12. Bxf6 Nxf6 13. b4 Qd6 14. Rab1 Bxa4
15. Nxa4 b5 16. Qc5 bxa4 17. Ne5 Rae8 18. Rfc1 Qb6 19. Qxc7 Qxd4 20. Nc6 Qd6 21.
Qa5 Qd2 22. Qxa6 Nd5 23. Bxd5 exd5 24. Qxa4 Bf6 25. Rc2 Qg5 26. b5 Qf5 27. Rd1
Re4 28. Qb3 Rfe8 29. Qd3 Qh5 30. b6 Be5 31. b7 Bb8 32. Qxd5 Qxd5 33. Rxd5 Rf8
34. Nxb8 Rxb8 35. Rc8+ Re8 36. Rxe8+ Rxe8 37. Rc5 1-0

[Event "1st Binhai Cup 2018"]
[Site "Tianjin CHN"]
[Date "2018.12.27"]
[Round "3.19"]
[White "Peng, Hongchi"]
[Black "Wang, Zijian"]
[Result "1-0"]
[WhiteElo "2273"]
[BlackElo "1839"]
[WhiteFideId "8609047"]
[BlackFideId "8619034"]
[EventDate "2018.12.25"]

1. e4 e5 2. Nf3 Nc6 3. Bb5 a6 4. Ba4 Nf6 5. O-O Be7 6. Re1 b5 7. Bb3 d6 8. c3
O-O 9. h3 Na5 10. Bc2 c5 11. d4 Nd7 12. a4 b4 13. cxb4 cxb4 14. b3 Nc6 15. Be3
exd4 16. Nxd4 Nxd4 17. Bxd4 Bf6 18. Qd3 Nc5 19. Qe3 Ne6 20. Bxf6 Qxf6 21. e5
Qxe5 22. Bxh7+ Kh8 23. Qxe5 dxe5 24. Be4 Rb8 25. Nd2 Nd4 26. Bd3 f6 27. Re4 g5
28. h4 Bb7 29. Rg4 Bc8 30. Re4 Rd8 31. hxg5 Nf5 32. Bc4 Rxd2 33. gxf6 Kh7 34.
Rxe5 Kg6 35. f7 Bd7 36. f4 Rh8 37. Rae1 Kg7 38. Re8 Rf8 39. R1e5 Rd1+ 40. Kh2
Rd2 41. a5 Bc6 42. Rxf5 Bxe8 43. fxe8=Q Rxe8 44. Bxa6 Kg6 45. Rg5+ Kf6 46. Bb7
Re3 47. a6 Ra2 48. Rb5 Re1 49. Rxb4 Rea1 50. Kg3 Kg6 51. Kg4 Kf6 52. Rb6+ Kf7
53. Kg5 1-0

[Event "1st Binhai Cup 2018"]
[Site "Tianjin CHN"]
[Date "2018.12.27"]
[Round "3.20"]
[White "Wang, Zideng"]
[Black "Chu, Ruotong"]
[Result "1/2-1/2"]
[WhiteTitle "CM"]
[BlackTitle "WIM"]
[WhiteElo "2068"]
[BlackElo "2261"]
[WhiteFideId "8614350"]
[BlackFideId "8605653"]
[EventDate "2018.12.25"]

1. d4 Nf6 2. c4 g6 3. Nc3 d5 4. cxd5 Nxd5 5. e4 Nxc3 6. bxc3 Bg7 7. Be3 c5 8.
Qd2 Qa5 9. Nf3 Bg4 10. Rc1 Nd7 11. d5 b5 12. Be2 O-O 13. c4 b4 14. O-O Nb6 15.
Bd3 Na4 16. Rc2 Rab8 17. Bf4 Bc3 18. Qe3 Rb7 19. Ne5 Bxe5 20. Bxe5 b3 21. axb3
Rxb3 22. h3 Bd7 23. Qe2 Qb4 24. Rd2 Nc3 25. Qe3 Nxe4 26. Qh6 f6 27. Bxe4 fxe5
28. Bxg6 hxg6 29. Qxg6+ Kh8 30. Qh6+ Kg8 31. Qg6+ Kh8 1/2-1/2

[Event "1st Binhai Cup 2018"]
[Site "Tianjin CHN"]
[Date "2018.12.27"]
[Round "3.21"]
[White "Yang, Yijing"]
[Black "Ning, Kaiyu"]
[Result "1/2-1/2"]
[WhiteTitle "WCM"]
[WhiteElo "2035"]
[BlackElo "2247"]
[WhiteFideId "8608601"]
[BlackFideId "8614750"]
[EventDate "2018.12.25"]

1. d4 d5 2. c4 e6 3. Nf3 Nf6 4. Nc3 a6 5. c5 b6 6. cxb6 cxb6 7. Bf4 Bd6 8. Bxd6
Qxd6 9. e3 O-O 10. Bd3 Nbd7 11. O-O Bb7 12. Rc1 Rfc8 13. Qb3 b5 14. Ne2 Nb6 15.
Rxc8+ Rxc8 16. Rc1 Rxc1+ 17. Nxc1 Nc4 18. Be2 Ne4 19. Nd3 f6 20. Qc2 Bc6 21. Nc5
Nxc5 22. dxc5 Qc7 23. b3 Na5 24. Bd3 g6 25. Qc3 e5 26. Bc2 Kg7 27. h3 Bd7 28. b4
Nc4 29. Nd2 Be6 30. Nb3 Bd7 31. Bb1 Bc6 32. Bd3 Qd7 33. Bc2 Qb7 34. f3 Qe7 35.
Qe1 f5 36. Bd3 Qf6 37. Bc2 Qg5 38. f4 exf4 39. Nd4 Bd7 40. exf4 Qf6 41. Nf3 Bc6
42. Ne5 Nxe5 43. fxe5 Qe6 44. Qe3 Kf7 45. Bb3 Kg7 46. Kf2 h6 47. Qd4 Kf7 48. Qe3
Kg7 49. Qd4 g5 50. Bc2 Bd7 51. Bb3 Bc6 1/2-1/2

[Event "1st Binhai Cup 2018"]
[Site "Tianjin CHN"]
[Date "2018.12.27"]
[Round "3.22"]
[White "Zhang, Xiao"]
[Black "Nie, Xinyang"]
[Result "1/2-1/2"]
[WhiteElo "2017"]
[BlackElo "2229"]
[WhiteFideId "8610894"]
[BlackFideId "8607222"]
[EventDate "2018.12.25"]

1. d4 d5 2. c4 e6 3. Nf3 a6 4. b3 Nf6 5. Bb2 c5 6. e3 cxd4 7. exd4 b6 8. Bd3 Be7
9. O-O O-O 10. Nbd2 Bb7 11. Re1 a5 12. Ne5 Na6 13. Rc1 Qb8 14. Qe2 Qa7 15. f4
Bb4 16. a3 Bxd2 17. Qxd2 a4 18. bxa4 dxc4 19. Nxc4 Rad8 20. a5 b5 21. Ne5 Rd5
22. Nc6 Bxc6 23. Rxc6 Nc7 24. Rec1 Nce8 25. R1c5 Nd6 26. Rxd5 Nde4 27. Qc2 exd5
28. a6 h5 29. Qc1 h4 30. Bxb5 Qd7 31. a4 Qg4 32. h3 Qg3 33. Rc2 Nh5 34. Ba3 Ra8
35. Bc6 Nxf4 36. Bxa8 Nxh3+ 37. Kh1 Nef2+ 38. Rxf2 Nxf2+ 39. Kg1 Nh3+ 40. Kh1
Nf2+ 1/2-1/2

[Event "1st Binhai Cup 2018"]
[Site "Tianjin CHN"]
[Date "2018.12.27"]
[Round "3.23"]
[White "Wu, David Tai-Wei"]
[Black "Zhang, Lanlin"]
[Result "0-1"]
[WhiteElo "1630"]
[BlackElo "2178"]
[WhiteFideId "16301765"]
[BlackFideId "8608032"]
[EventDate "2018.12.25"]

1. d4 d5 2. c4 c6 3. Nf3 Nf6 4. Nc3 dxc4 5. a4 Bf5 6. e3 e6 7. Bxc4 Nbd7 8. O-O
Bd6 9. Qe2 Bg4 10. h3 Bxf3 11. Qxf3 O-O 12. Rd1 Qe7 13. e4 e5 14. d5 h6 15. dxc6
bxc6 16. Be3 Rfd8 17. Rd2 a5 18. Rad1 Bb4 19. Qf5 Kf8 20. Kh2 Ke8 21. Qf3 Nc5
22. Rxd8+ Rxd8 23. Rxd8+ Kxd8 24. Bxc5 Bxc5 25. Qd3+ Ke8 26. f3 Bb6 27. Ne2 Qb4
28. Qc3 Qxc3 29. bxc3 Be3 30. g4 Bd2 31. Kg2 Ke7 32. Bb3 Nd7 33. Kf2 Nc5 34. Bc2
Kd6 35. Ng3 g6 36. Ne2 Ne6 37. h4 Nf4 38. Nxf4 exf4 39. c4 Kc5 40. Ke2 Bb4 41.
Kd3 h5 42. gxh5 gxh5 43. e5 Be1 44. Ke4 Bxh4 45. Kxf4 Kxc4 46. Bh7 Kd4 47. Bg8
Be7 48. Bxf7 h4 49. e6 c5 0-1

[Event "1st Binhai Cup 2018"]
[Site "Tianjin CHN"]
[Date "2018.12.27"]
[Round "3.24"]
[White "Gu, Tianlu"]
[Black "Chen, Fan"]
[Result "0-1"]
[WhiteTitle "WIM"]
[BlackTitle "FM"]
[WhiteElo "2231"]
[BlackElo "2370"]
[WhiteFideId "8603995"]
[BlackFideId "8600767"]
[EventDate "2018.12.25"]

1. e4 c5 2. Nf3 d6 3. d4 cxd4 4. Nxd4 Nf6 5. Nc3 a6 6. h3 e6 7. g4 h6 8. Bg2 g5
9. Be3 Nbd7 10. Qe2 Ne5 11. O-O-O Qc7 12. f4 gxf4 13. Bxf4 Bd7 14. Rhf1 Be7 15.
Kb1 O-O-O 16. Nf3 Bc6 17. Qe3 Nc4 18. Qe2 b5 19. e5 Nd5 20. Nxd5 Bxd5 21. Rxd5
exd5 22. b3 Na3+ 23. Kb2 Rhe8 24. Qd3 Bf8 25. Qf5+ Rd7 26. c3 Bg7 27. Kxa3 dxe5
28. Bd2 e4 29. Rc1 exf3 30. Bxf3 Re6 31. Qd3 Rc6 32. b4 a5 33. Kb3 axb4 34. Bxd5
Rc5 35. c4 bxc4+ 36. Rxc4 Rdxd5 37. Qxd5 Rxd5 38. Rxc7+ Kxc7 0-1

[Event "1st Binhai Cup 2018"]
[Site "Tianjin CHN"]
[Date "2018.12.27"]
[Round "3.26"]
[White "Wang, Xiaoyan"]
[Black "Wang, Puxuan"]
[Result "1-0"]
[WhiteElo "1943"]
[BlackElo "1270"]
[WhiteFideId "8623015"]
[BlackFideId "8625050"]
[EventDate "2018.12.25"]

1. d4 d5 2. c4 Nf6 3. cxd5 Qxd5 4. Nc3 Qa5 5. Bd2 c6 6. Nf3 Bg4 7. Ne5 Bh5 8.
Qb3 Qc7 9. Bf4 Qc8 10. f3 e6 11. g4 Bg6 12. h4 h6 13. Nxg6 fxg6 14. Qc2 Kf7 15.
e4 Nbd7 16. Bd3 Bb4 17. e5 Nd5 18. Bxg6+ Ke7 19. Bd2 Bxc3 20. bxc3 Rf8 21. Qe4
N7b6 22. Bh5 Qd7 23. g5 hxg5 24. Bxg5+ Nf6 25. Qg6 Nd5 26. Qxg7+ 1-0

[Event "1st Binhai Cup 2018"]
[Site "Tianjin CHN"]
[Date "2018.12.28"]
[Round "4.1"]
[White "Zhao, Jun"]
[Black "Lu, Shanglei"]
[Result "1-0"]
[WhiteTitle "GM"]
[BlackTitle "GM"]
[WhiteElo "2607"]
[BlackElo "2636"]
[WhiteFideId "8602522"]
[BlackFideId "8603332"]
[EventDate "2018.12.25"]

1. Nf3 Nf6 2. g3 b5 3. Bg2 Bb7 4. d3 c5 5. e4 d6 6. O-O e6 7. Re1 Be7 8. a4 b4
9. Nbd2 Nc6 10. Nc4 O-O 11. b3 d5 12. exd5 Nxd5 13. Bb2 Bf6 14. Nfe5 Nce7 15.
Qd2 Qc7 16. f4 Rad8 17. Qf2 Nf5 18. Rf1 Be7 19. Rae1 Rfe8 20. Nf3 Nb6 21. Nce5
f6 22. a5 Nd5 23. Nc4 Bf8 24. Re2 Qf7 25. Rfe1 Ba8 26. Kh1 h5 27. Rf1 Qg6 28.
Qe1 Qf7 29. Qf2 Qg6 30. Qe1 Qf7 31. Nh4 Nxh4 32. gxh4 Qg6 33. Be4 Qh6 34. Ref2
Nc7 35. Bxa8 Nxa8 36. Rg2 Nc7 37. Qe4 Nd5 38. Rg6 Qh7 39. Rfg1 Kh8 40. Qf3 Rd7
41. Nd2 Bd6 42. Ne4 Rf8 43. f5 e5 44. Ng5 fxg5 45. Qxd5 g4 46. Rxd6 Rxd6 47.
Qxd6 Qxf5 48. Qd5 1-0

[Event "1st Binhai Cup 2018"]
[Site "Tianjin CHN"]
[Date "2018.12.28"]
[Round "4.2"]
[White "Idani, Pouya"]
[Black "Zeng, Chongsheng"]
[Result "1/2-1/2"]
[WhiteTitle "GM"]
[BlackTitle "GM"]
[WhiteElo "2611"]
[BlackElo "2535"]
[WhiteFideId "12510130"]
[BlackFideId "8603847"]
[EventDate "2018.12.25"]

1. c4 Nf6 2. Nf3 g6 3. b3 Bg7 4. Bb2 O-O 5. g3 d6 6. d4 e5 7. Bg2 e4 8. Nfd2 e3
9. fxe3 Ng4 10. Nf1 c5 11. Nc3 Nc6 12. Nd5 Re8 13. Qd2 cxd4 14. exd4 Bf5 15. h3
Nf6 16. Nxf6+ Qxf6 17. O-O-O Rac8 18. g4 Be4 19. Bxe4 Rxe4 20. e3 Qf3 21. Rh2 b5
22. Qf2 Qxf2 23. Rxf2 bxc4 24. bxc4 Na5 25. Rc2 Rxc4 26. Bc3 Ra4 27. Nd2 Re8 28.
Bxa5 Rxa5 29. Nc4 Ra6 30. d5 Bf6 31. Rd3 Kg7 32. Kd2 Rh8 33. e4 h5 34. gxh5 Rxh5
35. Rf3 Be5 36. a3 Ra4 37. Kc1 Rh4 38. Nxe5 dxe5 39. d6 Raxe4 40. d7 Rd4 41. Rc7
Rhf4 42. Rb3 a5 43. Rb5 Rc4+ 44. Kb2 Rf2+ 45. Kb3 Rd4 46. Rxe5 a4+ 47. Kc3 Rfd2
48. Re7 R2d3+ 49. Kc2 Rd2+ 1/2-1/2

[Event "1st Binhai Cup 2018"]
[Site "Tianjin CHN"]
[Date "2018.12.28"]
[Round "4.3"]
[White "Ganguly, Surya Shekhar"]
[Black "Xu, Yinglun"]
[Result "1-0"]
[WhiteTitle "GM"]
[BlackTitle "GM"]
[WhiteElo "2621"]
[BlackElo "2531"]
[WhiteFideId "5002150"]
[BlackFideId "8604940"]
[EventDate "2018.12.25"]

1. Nf3 Nf6 2. g3 d5 3. Bg2 Bf5 4. O-O c6 5. d3 e6 6. Nh4 Bg4 7. h3 Bh5 8. Qe1
Be7 9. f4 Nfd7 10. Nf3 Bxf3 11. Bxf3 h5 12. Bg2 Na6 13. Nd2 g5 14. fxg5 Bxg5 15.
Qf2 Qb6 16. d4 Bf6 17. Nf3 O-O-O 18. a4 Nb4 19. a5 Qb5 20. Ne1 Na6 21. Nd3 Rdg8
22. Ra3 Rh7 23. Bf4 Nb4 24. Ne5 Nxc2 25. Rf3 Qa4 26. a6 Bxe5 27. axb7+ Kxb7 28.
dxe5 Nd4 29. Ra3 Qc4 30. Rfa1 Nb5 31. Rxa7+ Nxa7 32. Rxa7+ Kc8 33. Ra8+ 1-0

[Event "1st Binhai Cup 2018"]
[Site "Tianjin CHN"]
[Date "2018.12.28"]
[Round "4.4"]
[White "Tabatabaei, M.amin"]
[Black "Peng, Xiongjian"]
[Result "1-0"]
[WhiteTitle "GM"]
[WhiteElo "2587"]
[BlackElo "2438"]
[WhiteFideId "12521213"]
[BlackFideId "8610550"]
[EventDate "2018.12.25"]

1. e4 e5 2. Nf3 Nc6 3. Bc4 Nf6 4. Ng5 d5 5. exd5 Na5 6. Bb5+ c6 7. dxc6 bxc6 8.
Qf3 Be7 9. Bd3 h6 10. Ne4 Nd5 11. Ng3 g6 12. O-O f5 13. Re1 e4 14. Nxe4 fxe4 15.
Bxe4 Qd6 16. Nc3 Rf8 17. Qd3 Bf5 18. b4 Bxe4 19. Nxe4 Qxb4 20. c3 Qa4 21. Nc5
Qg4 22. f3 Qxg2+ 23. Kxg2 Nf4+ 24. Kg3 Nxd3 25. Nxd3 O-O-O 26. Ne5 Bd6 27. d4 g5
28. f4 gxf4+ 29. Bxf4 Rf5 30. Kg4 Rf6 31. Bg3 Bxe5 32. Rxe5 Nc4 33. Re7 Rd7 34.
Re8+ Kb7 35. Rb1+ Ka6 36. Rbe1 Rg7+ 37. Kh3 Rgg6 38. R1e7 Nb6 39. c4 Rf5 40. Re6
Rh5+ 41. Kg2 Rxe6 42. Rxe6 Nxc4 43. Rxc6+ Kb5 44. Rc7 Rf5 45. a4+ Kb4 46. Be1+
Kb3 47. Rxa7 Ne3+ 48. Kg3 Nf1+ 49. Kh3 Rh5+ 50. Kg2 Ne3+ 51. Kf3 Nf5 52. Bf2
Rxh2 53. a5 Ka4 54. a6 Kb5 55. Ra8 Nd6 56. Bg3 Rd2 57. Bxd6 Rxd4 58. a7 1-0

[Event "1st Binhai Cup 2018"]
[Site "Tianjin CHN"]
[Date "2018.12.28"]
[Round "4.5"]
[White "Fier, Alexandr"]
[Black "Liu, Guanchu"]
[Result "1-0"]
[WhiteTitle "GM"]
[BlackTitle "IM"]
[WhiteElo "2558"]
[BlackElo "2432"]
[WhiteFideId "2107139"]
[BlackFideId "8603901"]
[EventDate "2018.12.25"]

1. d4 Nf6 2. c4 e6 3. Nc3 Bb4 4. e3 b6 5. Ne2 Ba6 6. Ng3 c5 7. d5 Bxc3+ 8. bxc3
O-O 9. Bd3 exd5 10. cxd5 Bxd3 11. Qxd3 d6 12. O-O Nbd7 13. c4 Ne5 14. Qe2 b5 15.
cxb5 Nxd5 16. Bb2 Nb6 17. Rfd1 Nec4 18. Nf5 f6 19. Rac1 Qd7 20. e4 Rae8 21. Rc2
Nxb2 22. Rxb2 d5 23. a4 Qc7 24. a5 Nc4 25. Rbb1 Rxe4 26. Qa2 Qxa5 27. Qxa5 Nxa5
28. Rxd5 Re5 29. Ra1 Rxd5 30. Ne7+ Kf7 31. Nxd5 Rd8 32. Ne3 Nb3 33. Rxa7+ Kg6
34. b6 Nd4 35. g3 Nf3+ 36. Kg2 Ne5 37. Rc7 Rd2 38. b7 Rb2 39. Nd5 c4 40. Ne7+
Kh5 41. Nf5 c3 42. Rxg7 c2 43. h3 Ng6 44. g4+ Kg5 45. Kg3 1-0

[Event "1st Binhai Cup 2018"]
[Site "Tianjin CHN"]
[Date "2018.12.28"]
[Round "4.6"]
[White "Xiao, Yiyi"]
[Black "Sivuk, Vitaly"]
[Result "0-1"]
[WhiteTitle "WFM"]
[BlackTitle "GM"]
[WhiteElo "2295"]
[BlackElo "2542"]
[WhiteFideId "8606161"]
[BlackFideId "14116502"]
[EventDate "2018.12.25"]

1. d4 Nf6 2. Bg5 Ne4 3. Bf4 c5 4. d5 Qb6 5. Nd2 Nxd2 6. Bxd2 Qxb2 7. Nf3 Qa3 8.
Rb1 Qa4 9. e3 b6 10. Bb5 Qe4 11. O-O Ba6 12. Bxa6 Nxa6 13. Qe2 c4 14. Bc3 Nc7
15. Nd2 Qxd5 16. Nxc4 Qc6 17. Bb2 f6 18. e4 e5 19. Rbd1 Ne6 20. Bxe5 fxe5 21.
Nxe5 Qc7 22. Nxd7 O-O-O 23. Qg4 Rxd7 24. Qxe6 Bc5 25. Rd2 Rf8 26. e5 Rf7 27.
Rfd1 Re7 28. Qg4 Qxe5 29. g3 Qc7 30. Rxd7 Rxd7 31. Qe6 Bxf2+ 32. Kg2 Bc5 33.
Qg8+ Kb7 34. Rxd7 Qxd7 35. Qxh7 Qd5+ 36. Kh3 Bd4 37. Qd3 Qe6+ 38. Kg2 Bf6 39. h4
Qxa2 40. Qd7+ Ka6 0-1

[Event "1st Binhai Cup 2018"]
[Site "Tianjin CHN"]
[Date "2018.12.28"]
[Round "4.7"]
[White "Sethuraman, S.P."]
[Black "Zhao, Yuanhe"]
[Result "1/2-1/2"]
[WhiteTitle "GM"]
[WhiteElo "2664"]
[BlackElo "2388"]
[WhiteFideId "5021596"]
[BlackFideId "8609497"]
[EventDate "2018.12.25"]

1. d4 d5 2. c4 c6 3. Nf3 Nf6 4. Nc3 a6 5. g3 b5 6. cxd5 cxd5 7. Bg2 Bb7 8. O-O
e6 9. Bf4 Be7 10. Rc1 O-O 11. Ne5 Nbd7 12. Qd3 Rc8 13. Rc2 Nxe5 14. dxe5 Nd7 15.
h4 b4 16. Na4 Qa5 17. b3 Rxc2 18. Qxc2 Rc8 19. Qd2 Nc5 20. Nxc5 Qxc5 21. Rd1 h6
22. h5 Qb6 23. g4 Bc5 24. Bg3 Be7 25. Kh2 a5 26. f4 Bc5 27. Rc1 Rc7 28. Qd3 Ba6
29. Qf3 Bd4 30. Rxc7 Qxc7 31. e4 Qc2 32. exd5 Bb7 33. Qf1 Bxd5 34. Kh3 Qxa2 35.
Bxd5 exd5 36. Qf3 Qb1 37. Qxd5 Qf1+ 38. Kh4 Bf2 39. Qa8+ Kh7 40. Qe4+ Kh8 41.
Qa8+ Kh7 42. Qe4+ Kh8 43. Qa8+ 1/2-1/2

[Event "1st Binhai Cup 2018"]
[Site "Tianjin CHN"]
[Date "2018.12.28"]
[Round "4.8"]
[White "Liu, Yan"]
[Black "Padmini, Rout"]
[Result "1-0"]
[WhiteTitle "GM"]
[BlackTitle "IM"]
[WhiteElo "2495"]
[BlackElo "2345"]
[WhiteFideId "8608962"]
[BlackFideId "5029295"]
[EventDate "2018.12.25"]

1. Nf3 Nf6 2. c4 e6 3. b3 b6 4. g3 Bb7 5. Bg2 Be7 6. Bb2 O-O 7. O-O c5 8. e3 Nc6
9. Nc3 d5 10. cxd5 Nxd5 11. Nxd5 Qxd5 12. d4 Rad8 13. Ne5 Qd6 14. dxc5 Qxd1 15.
Raxd1 Nxe5 16. Bxb7 Nd3 17. cxb6 axb6 18. Bd4 Nc5 19. Bf3 Bf6 20. b4 Na4 21.
Bxf6 gxf6 22. Rxd8 Rxd8 23. Rc1 Rd2 24. Rc7 Rxa2 25. Bh5 Rb2 26. Bxf7+ Kh8 27.
Bxe6 Rxb4 28. Bf5 h5 29. h4 Kg8 30. g4 Nc5 31. g5 fxg5 32. hxg5 Ne4 33. Be6+ 1-0

[Event "1st Binhai Cup 2018"]
[Site "Tianjin CHN"]
[Date "2018.12.28"]
[Round "4.9"]
[White "Zhao, Chenxi"]
[Black "Dai, Changren"]
[Result "1/2-1/2"]
[BlackTitle "IM"]
[WhiteElo "2328"]
[BlackElo "2464"]
[WhiteFideId "8611513"]
[BlackFideId "8608156"]
[EventDate "2018.12.25"]

1. e4 c5 2. Nf3 Nc6 3. Bb5 g6 4. Bxc6 bxc6 5. O-O Bg7 6. Re1 Nh6 7. h3 O-O 8. c3
f6 9. d4 cxd4 10. cxd4 Nf7 11. Nc3 d6 12. Qa4 Bd7 13. Be3 Qb6 14. Rab1 a5 15. b4
axb4 16. Rxb4 Rxa4 17. Rxb6 Ra3 18. Rc1 f5 19. Rb7 Rd8 20. Nd2 c5 21. Ncb1 Rxa2
22. dxc5 dxc5 23. Bxc5 Bf6 24. exf5 gxf5 25. Re1 Nd6 26. Bxd6 exd6 27. Rb6 Be5
28. Nf3 Rb2 29. Ra6 Bc8 30. Ra7 Bf6 31. Nbd2 d5 32. Rc1 Rb7 33. Ra8 Be6 34.
Rxd8+ Bxd8 35. Nd4 Kf7 36. Rc6 Bd7 37. Rd6 Bg5 38. Nf1 Bf6 39. Rxd5 f4 40. Nd2
Be7 41. N2f3 Bc8 42. Nc6 Rb1+ 43. Kh2 Bf6 44. Rd2 Kg7 45. Ncd4 Rc1 46. Re2 Bd8
47. Ne6+ Bxe6 48. Rxe6 Rc2 49. Rd6 Ba5 50. Rd5 Bb6 51. Rd7+ Kg8 1/2-1/2

[Event "1st Binhai Cup 2018"]
[Site "Tianjin CHN"]
[Date "2018.12.28"]
[Round "4.10"]
[White "Li, Yankai"]
[Black "Zuo, Yifan"]
[Result "1-0"]
[BlackTitle "CM"]
[WhiteElo "2427"]
[BlackElo "2300"]
[WhiteFideId "8609357"]
[BlackFideId "8614610"]
[EventDate "2018.12.25"]

1. d4 Nf6 2. c4 e6 3. Nf3 Bb4+ 4. Bd2 Qe7 5. g3 O-O 6. Bg2 Bxd2+ 7. Qxd2 d6 8.
Nc3 e5 9. O-O Re8 10. e4 Bg4 11. Ne1 Nc6 12. Nc2 exd4 13. Nxd4 Ne5 14. Nd5 Qd8
15. b3 c5 16. Nb5 Nf3+ 17. Bxf3 Bxf3 18. Qf4 Nxd5 19. exd5 Bh5 20. Qxd6 a6 21.
Qxd8 Rexd8 22. Nc3 Kf8 23. Rfe1 Bg4 24. Re3 Rab8 25. a4 a5 26. Rae1 Bd7 27. f4
b6 28. Kf2 Re8 29. Ne4 h6 30. Nd6 Rxe3 31. Rxe3 Rd8 32. f5 f6 33. g4 Rb8 34. Kg3
Rd8 35. Kf4 Bxa4 36. bxa4 Rxd6 37. Re6 Rxe6 38. fxe6 g6 39. d6 1-0